Campeones de la Copa Mundial de Rugby - Estadísticas

Estadísticas generales
  • Esta prueba ha sido intentada 11 veces
  • La puntuación promedio es 8 de 10
Estadísticas de respuestas
Año Campeón % Correcto
1991 Australia
100%
1987 Nueva Zelanda
100%
1999 Australia
82%
2003 Inglaterra
82%
2011 Nueva Zelanda
82%
2015 Nueva Zelanda
82%
1995 Sudáfrica
73%
2007 Sudáfrica
73%
2019 Sudáfrica
73%
2023 Sudáfrica
73%
No se encontraron pruebas coincidentes
Distribución de puntuación
Porcentaje de gente con cada puntuación
Porcentaje por número respondido
Historial de tus puntuaciones
No has intentado esta prueba.